书目信息 |
| 题名: |
项目投资管理学
|
|
| 作者: | 张旭辉 , 赵萍 主编 | |
| 分册: | ||
| 出版信息: | 成都 西南财经大学出版社 2018.09 |
|
| 页数: | 324页 | |
| 开本: | 26cm | |
| 丛书名: | ||
| 单 册: | ||
| 中图分类: | F283 | |
| 科图分类: | ||
| 主题词: | 基本建设投资--ji ben jian she tou zi--经济管理--高等学校--教材 | |
| 电子资源: | ||
| ISBN: | 978-7-5504-3702-9 | |
| 000 | 01000nam0 2200289 450 | |
| 001 | 202019132936 | |
| 005 | 20190921113344.0 | |
| 010 | @a978-7-5504-3702-9@dCNY39.80 | |
| 100 | @a20190916d2018 em y0chiy50 ea | |
| 101 | 0 | @achi |
| 102 | @aCN@b510000 | |
| 105 | @aak a 000yy | |
| 106 | @ar | |
| 200 | 1 | @a项目投资管理学@Axiang mu tou zi guan li xue@f主编张旭辉, 赵萍 |
| 205 | @a第2版 | |
| 210 | @a成都@c西南财经大学出版社@d2018.09 | |
| 215 | @a324页@c图@d26cm | |
| 300 | @a四川省精品资源共享课程 | |
| 320 | @a有书目 (第322-324页) | |
| 330 | @a本书介绍了项目投资管理学概论、项目建议书、项目投资可行性研究、项目投资评价与决策、项目组织管理、项目采购管理、项目进度管理、项目质量管理等内容。 | |
| 333 | @a21世纪普通高等院校系列规划教材 | |
| 606 | 0 | @a基本建设投资@Aji ben jian she tou zi@x经济管理@x高等学校@j教材 |
| 690 | @aF283@v5 | |
| 701 | 0 | @a张旭辉@Azhang xu hui@4主编 |
| 701 | 0 | @a赵萍@Azhao ping@4主编 |
| 801 | 0 | @aCN@c20190905 |
| 905 | @a河南城建学院图书馆@dF283@eZ212=2 | |
| 项目投资管理学/主编张旭辉, 赵萍.-第2版.-成都:西南财经大学出版社,2018.09 |
| 324页:图;26cm |
| 四川省精品资源共享课程.-使用对象:21世纪普通高等院校系列规划教材 |
| ISBN 978-7-5504-3702-9:CNY39.80 |
| 本书介绍了项目投资管理学概论、项目建议书、项目投资可行性研究、项目投资评价与决策、项目组织管理、项目采购管理、项目进度管理、项目质量管理等内容。 |
| ● |
| 相关链接 |
|
|
|
正题名:项目投资管理学
索取号:F283/Z212=2
 
预约/预借
| 序号 | 登录号 | 条形码 | 馆藏地/架位号 | 状态 | 备注 |
| 1 | 1439887 | 214398873 | 社科库409/409社科库 102排6列2层/ [索取号:F283/Z212=2] | 在馆 | |
| 2 | 1439888 | 214398882 | 社科库409/409社科库 102排6列2层/ [索取号:F283/Z212=2] | 在馆 |